000
00257nam a22001217a 4500
008
181207b xxu||||| |||| 00| 0 eng d
041
_a
eng
080
_a
710
100
_a
41
101
_a
ART
245
_a
Understanding Art
_c
Kainz.L.G
942
_2
udc
_c
BK
999
_c
53071
_d
53071